Top 50 most powerful marvel characters - Statistics

General Stats
  • This quiz has been taken 163 times
  • The average score is 14 of 50
Answer Stats
Hint Answer % Correct
33 Thor
88%
39 Hulk
79%
32 Thanos
78%
5 Galactus
70%
42 Doctor Strange
62%
14 Odin
58%
19 Dormammu
48%
4 Living Tribunal
47%
35 Silver Surfer
47%
27 Ego
43%
38 Sentry
43%
3 Beyonder
42%
37 Ultron
42%
1 One Above All
40%
8 DEATH
38%
7 Eternity
38%
18 Deadpool
34%
45 Hercules
33%
16 Mephisto
32%
15 Zeus
32%
20 The Watcher
31%
31 Adam Warlock
29%
47 Ghost Rider
29%
43 Franklin Richards
28%
6 Celestials
23%
49 Hyperion
22%
9 Infinity
22%
30 Molecule Man
21%
10 Phoenix Force
18%
11 Oblivion
16%
41 Grandmaster
15%
2 The Fulcrum
13%
46 Quasar
12%
22 Gladiator
11%
48 Onslaught
11%
24 Lord Chaos
10%
23 Master Order
10%
12 Kronos
9%
29 In-Betweener
8%
26 Nightmare
8%
44 Skaar
8%
17 Stranger
5%
13 Abraxas
4%
25 Mikaboshi
4%
40 Omega
4%
21 Tyrant
4%
50 Champion
2%
36 Apolacypse
0%
28 Runner
0%
34 The Unspoken
0%
No matching quizzes found
Score Distribution
Percent of People with Each Score
Percentile by Number Answered
Your Score History
You have not taken this quiz